000 00543nam a2200193 a 4500
001 3871
003 CO-ViMGA
008 141112s2004 ck r 000 u spa d
020 _a8474325439
040 _aCO-ViMGA
_bspa
_cCO-ViMGA
082 0 4 _a342 E577j
100 1 _aElster, Jon
_954072
245 1 0 _aJusticia local :
_bde que modo las instituciones distribuyen bienes escasas y cargas necesarias
260 _aBarcelona :
_bGedisa,
_c1995
300 _a311 p
490 _aHombre y sociedad
650 1 4 _aDERECHO PUBLICO
942 _2ddc
_cBK
999 _c15889
_d15889